Mathemagic : magic, puzzles, and games with numbers

Αποθηκεύτηκε σε:
Λεπτομέρειες βιβλιογραφικής εγγραφής
Κύριος συγγραφέας: Heath, Royal Vale
Άλλοι συγγραφείς: Meyer, Jerome S. (Jerome Sydney), 1895-1975 (Επιμελητής έκδοσης), Kaufman, Gerald Lynton, 1893-1968 (Εικονογράφος)
Μορφή: Βιβλίο
Γλώσσα:English
Δημοσίευση: [New York] : Dover Publications, c1953.
Θέματα:
Ετικέτες: Προσθήκη ετικέτας
Δεν υπάρχουν, Καταχωρήστε ετικέτα πρώτοι!

MARC

LEADER 00000cam a2200000 i 4500
001 1/39544
008 950206s1953####nyu| ||| |||| ||eng||
020 |a 0486201104 
035 |a 1995  |c ΧΑΡΑΛΑΜΠΟΥΣ  |l 10041036 
040 |a GR-MyUA  |b gre  |e AACR2 
041 0 |a eng 
082 0 |a 793.74   |2 (22) 
100 1 |a Heath, Royal Vale. 
245 1 0 |a Mathemagic :   |b magic, puzzles, and games with numbers /   |c Royal Vale Heath ; illustrated by Gerald Lynton Kaufman and edited by Jerome S. Meyer.  
260 |a [New York] :   |b Dover Publications,   |c c1953.  
300 |a 126 σ. :   |b εικ. ;   |c 20 εκ.  
650 0 0 |a Mathematical recreations. 
700 1 |a Meyer, Jerome S.   |q (Jerome Sydney),   |d 1895-1975,  |e edt 
700 1 |a Kaufman, Gerald Lynton,   |d 1893-1968,  |e ill 
852 |a INST  |b SAMOS  |e 19950206  |h 793.74 HEA  |p 005300006154  |q 005300006154  |t BK  |y 0 
852 |a INST  |b SAMOS  |e 20100714  |h 793.74 HEA  |p 005300031484  |q 005300031484  |t BK  |y 0 
901 |a BIBL3-2010-2 
909 |a Σ  |b 038640 
909 |a Σ  |b 165866 
920 |a ΜΑΓΕΙΡΑΣ  |b ΠΑΝΑΓΙΩΤΗΣ  |y Σάμος  |z 2008-09 
970 |a ΡΟΥΣΣΟΥ  |b ΚΩΝΣΤΑΝΤΙΝΑ  |z 2010/07/12